CFCs in buildings - the developers responsibility (Record no. 17440)

MARC details
000 -LEADER
fixed length control field 00723cab a2200205 4500
001 - CONTROL NUMBER
control field ABS40778
008 - FIXED-LENGTH DATA ELEMENTS--GENERAL INFORMATION
fixed length control field 090401t1989 xxu||||| |||| 00| 0 eng d
035 ## - SYSTEM CONTROL NUMBER
System control number (Sirsi) u25968
041 ## - LANGUAGE CODE
Language code of text/sound track or separate title eng
100 ## - MAIN ENTRY--PERSONAL NAME
Personal name Curwell, S.R.
245 ## - TITLE STATEMENT
Title CFCs in buildings - the developers responsibility
260 ## - PUBLICATION, DISTRIBUTION, ETC.
Date of publication, distribution, etc. 1989
350 ## - PRICE (NR) (BK AM CF MU VM SE) [OBSOLETE]
Price 0
490 ## - SERIES STATEMENT
Series statement Property Journal
Volume/sequential designation 14(2) April 1989, 11-16(3)
520 ## - SUMMARY, ETC.
Summary, etc. Investigates the use of CFCs in buildings mainly for insulation , refrigerants in air conditioning cooling systems , aerosol foam spray sealants and fire protection equipment and how their use can be reduced.
690 ## - LOCAL SUBJECT ADDED ENTRY--TOPICAL TERM (OCLC, RLIN)
Topical term or geographic name as entry element CONSERVATION AND THE ENVIRONMENT
700 ## - ADDED ENTRY--PERSONAL NAME
Personal name March, C.G.
942 ## - ADDED ENTRY ELEMENTS (KOHA)
Suppress in OPAC 0
948 ## - LOCAL PROCESSING INFORMATION (OCLC); SERIES PART DESIGNATOR (RLIN)
c (OCLC) 04/03/1997
Holdings
Withdrawn status Lost status Source of classification or shelving scheme Damaged status Not for loan Home library Current library Shelving location Date acquired Total Checkouts Full call number Barcode Date last seen Copy number Price effective from Koha item type
    Dewey Decimal Classification     London London Journal article 14/09/1999   ABS40778 25968-1001 06/08/2019 1 06/08/2019 Journal article